Catálogo

Aplicación de nuevas técnicas en el diagnóstico citológico / (Registro nro. 70046)

Detalles MARC
000 -LEADER
fixed length control field 01388nam a2200385 i 4500
001 - CONTROL NUMBER
control field 70046
003 - CONTROL NUMBER IDENTIFIER
control field Mx-PuUPA
005 - DATE AND TIME OF LATEST TRANSACTION
control field 20230608113508.0
008 - FIXED-LENGTH DATA ELEMENTS--GENERAL INFORMATION
fixed length control field 230607s2013 sp ad gr 001 0 spa d
017 ## - COPYRIGHT OR LEGAL DEPOSIT NUMBER
Copyright or legal deposit number M-7487-2013
020 ## - INTERNATIONAL STANDARD BOOK NUMBER
International Standard Book Number 9788499694238
040 ## - CATALOGING SOURCE
Original cataloging agency Mx-PuUPA
Language of cataloging spa
Transcribing agency Mx-PuUPA
Modifying agency Mx-PuUPA
Description conventions rda
041 0# - LANGUAGE CODE
Language code of text/sound track or separate title spa
100 1# - MAIN ENTRY--PERSONAL NAME
Personal name Lerma Puertas, Enrique,
9 (RLIN) 14262
Relator term autor
245 10 - TITLE STATEMENT
Title Aplicación de nuevas técnicas en el diagnóstico citológico /
Statement of responsibility, etc. Enrique Lerma Puertas, Lluis Catasús Colls, Cristina Pons Pérez
264 #1 - PRODUCTION, PUBLICATION, DISTRIBUTION, MANUFACTURE, AND COPYRIGHT NOTICE
Place of production, publication, distribution, manufacture [España] :
Name of producer, publisher, distributor, manufacturer Ediciones Díaz de Santos,
Date of production, publication, distribution, manufacture, or copyright notice [2013?]
300 ## - PHYSICAL DESCRIPTION
Extent 76 páginas :
Other physical details ilustraciones, gráficas, tablas ;
Dimensions 25 cm
336 ## - CONTENT TYPE
Fuente rdacontent
Content type term texto
Content type code txt
337 ## - MEDIA TYPE
Source rdamedia
Media type term sin medio
Media type code n
338 ## - CARRIER TYPE
Source rdacarrier
Carrier type term volumen
Carrier type code nc
490 0# - SERIES STATEMENT
Series statement Cuadernos de Citopatología ;
Volume/sequential designation 10
650 #7 - SUBJECT ADDED ENTRY--TOPICAL TERM
Source of heading or term armarc
Topical term or geographic name entry element Citología
650 #7 - SUBJECT ADDED ENTRY--TOPICAL TERM
Source of heading or term armarc
Topical term or geographic name entry element Cáncer
650 #7 - SUBJECT ADDED ENTRY--TOPICAL TERM
Source of heading or term armarc
Topical term or geographic name entry element Inmunología molecular
650 #7 - SUBJECT ADDED ENTRY--TOPICAL TERM
Source of heading or term armarc
Topical term or geographic name entry element Patología molecular
650 #7 - SUBJECT ADDED ENTRY--TOPICAL TERM
Source of heading or term armarc
Topical term or geographic name entry element Patología celular
650 #7 - SUBJECT ADDED ENTRY--TOPICAL TERM
Source of heading or term armarc
Topical term or geographic name entry element Citodiagnóstico
700 1# - ADDED ENTRY--PERSONAL NAME
Personal name Catasús Colls, Lluis,
Relator term autor
700 1# - ADDED ENTRY--PERSONAL NAME
Personal name Pons Pérez, Cristina,
Relator term autor
942 ## - ADDED ENTRY ELEMENTS (KOHA)
Source of classification or shelving scheme Dewey Decimal Classification
Koha item type Libro
Classification part 616.07582
Item part L614
Existencias
Withdrawn status Lost status Source of classification or shelving scheme Damaged status Not for loan Collection code Home library Current library Shelving location Date acquired Source of acquisition Cost, normal purchase price Total Checkouts Full call number Barcode Date last seen Cost, replacement price Price effective from Koha item type Copy number
    Dewey Decimal Classification     General Biblioteca Karol Wojtyla Biblioteca Karol Wojtyla Sala general 02/06/2023 1 570.00   616.07582 L614 2013 103412 05/01/2026 570.00 02/06/2023 Libro  
    Dewey Decimal Classification     General Biblioteca Karol Wojtyla Biblioteca Karol Wojtyla Sala general 02/06/2023 1 570.00   616.07582 L614 2013 103413 05/01/2026 570.00 02/06/2023 Libro Ej.2